[Event "Laval op"]
[Site "Laval CAN"]
[Date "2022.06.26"]
[Round "4.7"]
[White "Batorshyn, Ilia"]
[Black "Clyde, Jordan"]
[Result "1/2-1/2"]
[WhiteElo "1857"]
[BlackElo "2139"]
[PlyCount "168"]
[EventDate "2022.06.24"]
[EventType "swiss"]
[EventRounds "5"]
[EventCountry "CAN"]

1. d4 d6 2. c4 e5 3. dxe5 dxe5 4. Qxd8+ Kxd8 5. Nc3 Be6 6. e3 Nd7 7. Nf3 f6 8.
Be2 c6 9. Bd2 Kc7 10. O-O Rd8 11. Rfd1 Nb6 12. b3 Ba3 13. Bc1 Rxd1+ 14. Bxd1
Bxc1 15. Rxc1 Ne7 16. Bc2 Nd7 17. Kf1 a5 18. Ke2 b6 19. Rd1 h6 20. h3 f5 21.
Nd2 Nc8 22. a3 Nd6 23. f4 e4 24. Kf2 g5 25. Ne2 c5 26. a4 Nf6 27. Nb1 Bf7 28.
Nbc3 Kc6 29. Rd2 Rg8 30. Rd1 g4 31. Ng3 gxh3 32. gxh3 Be6 33. Nb5 Nxb5 34.
axb5+ Kc7 35. Ne2 h5 36. Nc3 h4 37. Rg1 Rxg1 38. Kxg1 Ne8 39. Bd1 Bf7 40. Be2
Nf6 41. Nb1 Ne8 42. Na3 Nf6 43. Nc2 Nh5 44. Ne1 Ng3 45. Bd1 a4 46. bxa4 Bxc4
47. Ng2 Ne2+ 48. Bxe2 Bxe2 49. Nxh4 Bd1 50. Nxf5 Bxa4 51. h4 Bxb5 52. h5 Be8
53. Ng7 Kd7 54. h6 Bg6 55. f5 Bh7 56. f6 b5 57. Kf2 b4 58. Ke1 c4 59. Kd2 Bg6
60. Kc2 Bh7 61. Kb2 Bg6 62. Kc2 Kd6 63. Kb2 c3+ 64. Kb3 Kd7 65. Kc2 Bh7 66. Nh5
Ke6 67. Nf4+ Kxf6 68. Nd5+ Kg5 69. Nxb4 Kxh6 70. Kxc3 Kg7 71. Kd4 Kf6 72. Nd5+
Ke6 73. Nc3 Kd6 74. Nd1 Bf5 75. Nf2 Bg6 76. Nh3 Bf5 77. Nf4 Bh7 78. Nh5 Bf5 79.
Nf6 Bg6 80. Ng4 Bf5 81. Ne5 Ke6 82. Nc4 Bh7 83. Kc5 Bf5 84. Nd2 Ke5 1/2-1/2

[Event "Laval op"]
[Site "Laval CAN"]
[Date "2022.06.26"]
[Round "4.8"]
[White "Guillemette, Hugo"]
[Black "Zheng, Richard"]
[Result "0-1"]
[WhiteElo "1787"]
[BlackElo "2083"]
[PlyCount "90"]
[EventDate "2022.06.24"]
[EventType "swiss"]
[EventRounds "5"]
[EventCountry "CAN"]

1. e4 c6 2. d4 d5 3. e5 Bf5 4. h4 h5 5. Bd3 Bxd3 6. Qxd3 e6 7. Bg5 Qb6 8. Nd2
c5 9. c4 Nc6 10. Ngf3 cxd4 11. O-O dxc4 12. Nxc4 Qc5 13. Rac1 Qd5 14. Rfd1 Bc5
15. a3 a5 16. Qb3 Nge7 17. Qxb7 Rb8 18. Qa6 O-O 19. Ne3 Qb3 20. Rd3 Qxb2 21.
Rxc5 dxe3 22. Bxe3 Rb3 23. Rxb3 Qxb3 24. Rxc6 Nxc6 25. Qxc6 Qxa3 26. Qd6 Qb3
27. Nd4 Qb1+ 28. Kh2 Qe4 29. g3 a4 30. Nc6 Ra8 31. Na7 Qb7 32. Qc5 Qd5 33. Qb4
Qb3 34. Qe4 Re8 35. Qc6 Rb8 36. Nc8 Qb7 37. Qxb7 Rxb7 38. Nd6 Rb3 39. Nc4 a3
40. Bd4 Rb4 41. Nxa3 Rxd4 42. f4 f6 43. Nb5 Rd2+ 44. Kg1 fxe5 45. fxe5 Rd5 0-1

[Event "Laval op"]
[Site "Laval CAN"]
[Date "2022.06.26"]
[Round "4.9"]
[White "Robichaud, Louis"]
[Black "Baran, Marius"]
[Result "1-0"]
[WhiteElo "2038"]
[BlackElo "1612"]
[PlyCount "80"]
[EventDate "2022.06.24"]
[EventType "swiss"]
[EventRounds "5"]
[EventCountry "CAN"]

1. e4 d5 2. exd5 Nf6 3. d4 Nxd5 4. Nf3 Bg4 5. Be2 Nc6 6. Nbd2 e6 7. h3 Bxf3 8.
Nxf3 Be7 9. O-O O-O 10. c4 Nb6 11. Be3 Bf6 12. Qd2 Qe7 13. Rfd1 Rfd8 14. Qc2 a5
15. a3 a4 16. Rac1 Qe8 17. Bd3 g6 18. Be4 Na5 19. Qe2 Nb3 20. Rb1 c6 21. Bc2
Na5 22. Bd3 Nb3 23. c5 Nd5 24. Bc4 Na5 25. Ba2 Rdb8 26. Ng5 Nxe3 27. Qxe3 Bxg5
28. Qxg5 b5 29. Qd2 Rd8 30. Qc3 Nb7 31. Re1 Qf8 32. Re5 Qg7 33. Rbe1 Rac8 34.
R5e4 h6 35. h4 h5 36. Re5 Kf8 37. Qe3 Na5 38. Bxe6 fxe6 39. Rxe6 Nc4 40. Qf4+
Kg8 1-0

[Event "Laval op"]
[Site "Laval CAN"]
[Date "2022.06.26"]
[Round "4.10"]
[White "Adam, Rafael"]
[Black "Xu, Daniel"]
[Result "1/2-1/2"]
[WhiteElo "1722"]
[BlackElo "1846"]
[PlyCount "188"]
[EventDate "2022.06.24"]
[EventType "swiss"]
[EventRounds "5"]
[EventCountry "CAN"]

1. d4 Nf6 2. c4 g6 3. g3 Bg7 4. Bg2 d6 5. Nf3 O-O 6. O-O Nc6 7. Nc3 a6 8. b3
Rb8 9. d5 Na5 10. Bd2 c5 11. dxc6 Nxc6 12. Qc1 Bd7 13. Bh6 b5 14. Bxg7 Kxg7 15.
cxb5 axb5 16. Qb2 e5 17. Rfd1 Be6 18. Rac1 Qd7 19. Ng5 d5 20. Nge4 Nxe4 21.
Nxe4 Rbc8 22. Nc5 Qd6 23. Ne4 Qb8 24. Nc5 Rfd8 25. b4 Kg8 26. Rd2 e4 27. Nxe6
fxe6 28. Rdc2 Qd6 29. Rc5 Na7 30. Bh3 Rf8 31. Qa3 Ra8 32. Qa5 e5 33. Rc7 Qf6
34. Rxa7 Qxf2+ 35. Kh1 Rxa7 36. Qxb5 Qf7 37. Qb6 Re7 38. Qd6 Kg7 39. b5 d4 40.
b6 Qf6 41. Qxe7+ Qxe7 42. Rc7 Qxc7 43. bxc7 d3 44. exd3 e3 45. Bg4 h5 46. Be2
Rc8 47. Kg2 Rxc7 48. Kf3 Ra7 49. Kxe3 Rxa2 50. h4 Kf6 51. Bf3 Ra1 52. Be2 Kf5
53. Bf3 Ra6 54. Kf2 Rb6 55. Ke3 Rd6 56. Be2 Rd4 57. Bf3 Ra4 58. Kf2 Ra2+ 59.
Ke3 Rh2 60. Be2 Rg2 61. Kf3 Rg1 62. Kf2 Rb1 63. Ke3 e4 64. dxe4+ Ke5 65. Bc4
Re1+ 66. Kf3 Rxe4 67. Bd3 Rg4 68. Bc2 Kd4 69. Bb1 Kc3 70. Be4 Kd2 71. Bb1 Ke1
72. Bd3 Kd2 73. Bb1 Kc3 74. Ba2 Ra4 75. Bf7 Ra6 76. Bg8 Kd4 77. Kf4 Ra5 78. Be6
Re5 79. Bd7 Re7 80. Bc8 Rc7 81. Be6 Rc6 82. Bd7 Rd6 83. Be8 Re6 84. Bd7 Re3 85.
Bc8 Re5 86. Bd7 Kd5 87. Bc6+ Ke6 88. Be4 Ra5 89. Bxg6 Kf6 90. Be4 Ra4 91. Kf3
Ra3+ 92. Kf4 Ra4 93. Kf3 Ra3+ 94. Kf4 Ra4 1/2-1/2

[Event "Laval op"]
[Site "Laval CAN"]
[Date "2022.06.26"]
[Round "4.11"]
[White "Lopez Linares, Lizandro"]
[Black "Duplessis, Claude"]
[Result "1-0"]
[WhiteElo "2056"]
[BlackElo "1551"]
[PlyCount "97"]
[EventDate "2022.06.24"]
[EventType "swiss"]
[EventRounds "5"]
[EventCountry "CAN"]

1. d4 d5 2. c4 dxc4 3. Nf3 e6 4. e3 a6 5. Bxc4 Nf6 6. O-O c5 7. Qe2 b5 8. Bb3
c4 9. Bc2 Bb7 10. Nc3 Be7 11. e4 Nbd7 12. Bg5 h6 13. Bh4 O-O 14. Rad1 Rc8 15.
a3 Re8 16. Rfe1 Nh7 17. Bg3 Ng5 18. Ne5 Nxe5 19. Bxe5 f6 20. Bg3 b4 21. axb4
Bxb4 22. h4 Nf7 23. Bb1 Nd6 24. Bxd6 Qxd6 25. Qg4 Qe7 26. Re3 Qf7 27. Ne2 h5
28. Qg3 Red8 29. e5 f5 30. Nf4 Bd5 31. Bc2 a5 32. Ra1 Bb7 33. Bd1 Rxd4 34. Bxh5
Qd7 35. Be2 Bd2 36. h5 Bxe3 37. fxe3 Rxf4 38. Qxf4 Qc7 39. Rd1 c3 40. bxc3 Qxc3
41. h6 Qc2 42. Qg5 Qc7 43. Rd6 Re8 44. Bc4 Bd5 45. Qg6 Re7 46. Rxd5 exd5 47.
Bxd5+ Kh8 48. hxg7+ Rxg7 49. Qh6+ 1-0

[Event "Laval op"]
[Site "Laval CAN"]
[Date "2022.06.26"]
[Round "4.12"]
[White "Tsukerman, Julia"]
[Black "Constantin, David"]
[Result "0-1"]
[WhiteElo "1523"]
[BlackElo "2047"]
[PlyCount "106"]
[EventDate "2022.06.24"]
[EventType "swiss"]
[EventRounds "5"]
[EventCountry "CAN"]

1. e4 c5 2. Nf3 e6 3. d4 cxd4 4. Nxd4 Nf6 5. Bd3 a6 6. Nc3 Qc7 7. O-O b5 8. a3
Bb7 9. Qe2 d6 10. f4 Nbd7 11. Be3 h5 12. Kh1 h4 13. Nf3 h3 14. g3 Nc5 15. Bd4
Be7 16. Kg1 Ncd7 17. e5 Ng4 18. exd6 Qxd6 19. Be4 Qc7 20. Bxb7 Qxb7 21. Qe4
Qxe4 22. Nxe4 f6 23. Nf2 Nh6 24. g4 Rc8 25. c3 Kf7 26. Rad1 Rc7 27. Be3 Nc5 28.
Nd4 Na4 29. Bc1 Bc5 30. Rfe1 Re8 31. g5 Nf5 32. Nxf5 exf5 33. Rxe8 Kxe8 34. Kf1
Bxf2 35. Kxf2 fxg5 36. fxg5 Ke7 37. Kg3 Rc4 38. Rd4 Rxd4 39. cxd4 Kd6 40. b3
Nc3 41. Bb2 Ne4+ 42. Kxh3 Nxg5+ 43. Kg3 Ne6 44. h4 Kd5 45. Kf3 Nxd4+ 46. Kf4 g6
47. Kg5 Nf3+ 48. Kxg6 Nxh4+ 49. Kg5 Nf3+ 50. Kf4 Nd2 51. b4 Ke6 52. Bc1 Nc4 53.
Kf3 Ke5 0-1

[Event "Laval op"]
[Site "Laval CAN"]
[Date "2022.06.26"]
[Round "4.13"]
[White "Latorre, Vincent"]
[Black "Wang, Isabelle"]
[Result "1-0"]
[WhiteElo "1813"]
[BlackElo "1520"]
[PlyCount "59"]
[EventDate "2022.06.24"]
[EventType "swiss"]
[EventRounds "5"]
[EventCountry "CAN"]

1. e4 e5 2. Nf3 Nc6 3. Bc4 Bc5 4. c3 Nf6 5. d3 O-O 6. O-O d6 7. Bb3 Bb6 8. h3
h6 9. Re1 Re8 10. Nbd2 a6 11. Nf1 Be6 12. Ng3 d5 13. Qe2 d4 14. Bxe6 Rxe6 15.
c4 Ne7 16. Nh4 Ng6 17. Nhf5 c5 18. Qf3 Qf8 19. Bd2 a5 20. a4 Bc7 21. Ne2 Ne7
22. Nxe7+ Qxe7 23. Ng3 Ne8 24. Nf5 Qf6 25. g4 Nd6 26. Kh2 Nxf5 27. gxf5 Rc6 28.
Rg1 Kh7 29. Qh5 Bd6 30. Bg5 1-0

[Event "Laval op"]
[Site "Laval CAN"]
[Date "2022.06.26"]
[Round "4.14"]
[White "Wang, Derek"]
[Black "Landry, Sylvain"]
[Result "1-0"]
[WhiteElo "1471"]
[BlackElo "1795"]
[PlyCount "125"]
[EventDate "2022.06.24"]
[EventType "swiss"]
[EventRounds "5"]
[EventCountry "CAN"]

1. Nf3 d5 2. c4 c6 3. d4 Nf6 4. Nc3 e6 5. Bg5 Nbd7 6. e3 Qa5 7. Nd2 Bb4 8. Bxf6
Nxf6 9. Qb3 Ne4 10. Ndxe4 dxe4 11. a3 Bxc3+ 12. Qxc3 Qxc3+ 13. bxc3 Ke7 14. Rb1
Rd8 15. Be2 Kd6 16. Kd2 Kc7 17. Rb2 e5 18. Kc2 f5 19. a4 g5 20. a5 f4 21. Kb3
g4 22. g3 f3 23. Bd1 Bf5 24. Bc2 Re8 25. c5 Rad8 26. Ka3 a6 27. Rhb1 Bc8 28.
Rb4 exd4 29. Rxd4 Rxd4 30. cxd4 Bf5 31. Bb3 Be6 32. Rh1 Bf5 33. Bc4 Rf8 34. Rb1
Rf6 35. d5 Rh6 36. d6+ Kc8 37. Rh1 Rh5 38. Kb4 Kd7 39. Kc3 Bg6 40. Kd4 Bf5 41.
Ba2 Be6 42. Bxe6+ Kxe6 43. Rb1 Rd5+ 44. Kc4 Rd2 45. Rxb7 Rxf2 46. Re7+ Kf5 47.
Rf7+ Ke6 48. Rf4 Kd7 49. Kd4 Ra2 50. Ke5 Rd2 51. Rf7+ Ke8 52. Ke6 f2 53. d7+
Rxd7 54. Rxf2 Rd5 55. Rf5 Rd3 56. Rg5 Kf8 57. Rxg4 Rxe3 58. Kd6 Rd3+ 59. Kxc6
e3 60. Re4 Rd2 61. Rxe3 Rxh2 62. Kb7 Rh5 63. c6 1-0

[Event "Laval op"]
[Site "Laval CAN"]
[Date "2022.06.26"]
[Round "4.15"]
[White "Laroche, Hugo"]
[Black "Kot, Emanuel"]
[Result "1-0"]
[WhiteElo "1635"]
[BlackElo "1872"]
[PlyCount "71"]
[EventDate "2022.06.24"]
[EventType "swiss"]
[EventRounds "5"]
[EventCountry "CAN"]

1. d4 d5 2. Bf4 Nf6 3. Nf3 c5 4. e3 Nc6 5. c3 Qb6 6. Qb3 c4 7. Qc2 Bf5 8. Qc1
e6 9. Nbd2 Be7 10. Be2 O-O 11. h3 h6 12. Bd1 Qd8 13. Bc2 b5 14. a3 a5 15. O-O
Bd6 16. Bxd6 Qxd6 17. Re1 Rfc8 18. e4 Nxe4 19. Nxe4 Bxe4 20. Bxe4 dxe4 21. Rxe4
b4 22. axb4 axb4 23. Ne5 Qd5 24. Re1 bxc3 25. bxc3 Na5 26. Qf4 Qb7 27. Re3 Qc7
28. Rg3 Kf8 29. Rf3 f6 30. Ng6+ Kf7 31. Qg4 Nc6 32. Re1 Re8 33. Nf4 e5 34. Qh5+
Kg8 35. Nd5 Qf7 36. Nxf6+ 1-0

[Event "Laval op"]
[Site "Laval CAN"]
[Date "2022.06.26"]
[Round "4.16"]
[White "Zhang, Brian"]
[Black "Shi, Michael"]
[Result "1-0"]
[WhiteElo "1295"]
[BlackElo "1573"]
[PlyCount "75"]
[EventDate "2022.06.24"]
[EventType "swiss"]
[EventRounds "5"]
[EventCountry "CAN"]

1. e4 e5 2. Nf3 Nc6 3. Bb5 a6 4. Ba4 Nf6 5. O-O Be7 6. Re1 b5 7. Bb3 O-O 8. h3
d6 9. c3 Be6 10. d4 exd4 11. cxd4 Bxb3 12. axb3 d5 13. e5 Ne4 14. Nc3 f5 15.
exf6 Bxf6 16. Bf4 Qd7 17. Be5 Ng5 18. Nxg5 Bxg5 19. Qg4 Qxg4 20. hxg4 Bd2 21.
Red1 Bxc3 22. bxc3 Rf7 23. b4 Nxe5 24. dxe5 c6 25. Rd2 Rf4 26. Rd4 g5 27. Kf1
Kf7 28. Ke2 Ke6 29. Rxf4 gxf4 30. Rh1 Kxe5 31. Rxh7 a5 32. Rh5+ Ke6 33. Rh6+
Ke5 34. bxa5 c5 35. a6 c4 36. Kd2 Ra7 37. Rb6 Ke4 38. Re6# 1-0

[Event "Laval op"]
[Site "Laval CAN"]
[Date "2022.06.26"]
[Round "4.17"]
[White "Sekki, Abderaouf"]
[Black "Mercure, Gilbert"]
[Result "1-0"]
[WhiteElo "1934"]
[BlackElo "1732"]
[PlyCount "109"]
[EventDate "2022.06.24"]
[EventType "swiss"]
[EventRounds "5"]
[EventCountry "CAN"]

1. d4 d5 2. c4 Nc6 3. cxd5 Qxd5 4. e3 e5 5. Nc3 Bb4 6. a3 Bxc3+ 7. bxc3 exd4 8.
cxd4 Nf6 9. Nf3 Bf5 10. Qa4 O-O 11. Bc4 Qa5+ 12. Qxa5 Nxa5 13. Ba2 Bd3 14. Ne5
Ba6 15. a4 Nc6 16. Ba3 Nxe5 17. dxe5 Ng4 18. Bxf8 Kxf8 19. Rc1 Nxe5 20. Bb1 c6
21. h3 Rd8 22. Rd1 Nd3+ 23. Bxd3 Bxd3 24. Rc1 Rd5 25. f3 c5 26. e4 Re5 27. Kd2
c4 28. Kc3 Ke7 29. Kd4 Kd6 30. Rhe1 f5 31. exf5 Rxf5 32. Re8 Rd5+ 33. Kc3 Bf5
34. Ree1 Kc5 35. Rcd1 Rxd1 36. Rxd1 a6 37. Re1 Bd7 38. Re7 Bc6 39. Rxg7 b5 40.
axb5 axb5 41. Rxh7 b4+ 42. Kb2 c3+ 43. Kb3 Bd5+ 44. Kc2 Kc4 45. Rh4+ Kc5 46.
Rf4 Bg8 47. Rh4 Be6 48. Rh5+ Kc4 49. Rh4+ Kb5 50. Rh5+ Ka4 51. Rc5 Bb3+ 52. Kd3
Bd1 53. Rxc3 Be2+ 54. Kxe2 bxc3 55. Kd1 1-0

[Event "Laval op"]
[Site "Laval CAN"]
[Date "2022.06.26"]
[Round "4.18"]
[White "Efpraxiadis, Jean"]
[Black "Guipi Bopala, Prince Eric jr"]
[Result "0-1"]
[WhiteElo "1624"]
[BlackElo "1668"]
[PlyCount "56"]
[EventDate "2022.06.24"]
[EventType "swiss"]
[EventRounds "5"]
[EventCountry "CAN"]

1. e4 c6 2. d4 d5 3. Nc3 dxe4 4. Nxe4 Bf5 5. Ng3 Bg6 6. h4 h6 7. Nf3 Nd7 8. h5
Bh7 9. Bd3 Bxd3 10. Qxd3 e6 11. Bf4 Qa5+ 12. Bd2 Bb4 13. c3 Be7 14. c4 Qc7 15.
O-O-O Ngf6 16. Kb1 O-O 17. Ne4 Nxe4 18. Qxe4 Nf6 19. Qe2 c5 20. Bc3 cxd4 21.
Nxd4 Rac8 22. b3 Qf4 23. Nxe6 Qf5+ 24. Rd3 Qxe6 25. Re3 Qf5+ 26. Kb2 Bc5 27.
Rf3 Qe4 28. Qxe4 Nxe4 0-1

[Event "Laval op"]
[Site "Laval CAN"]
[Date "2022.06.26"]
[Round "4.19"]
[White "Di Matteo, Alessio"]
[Black "McCartney, Steven"]
[Result "1-0"]
[WhiteElo "1563"]
[BlackElo "1769"]
[PlyCount "65"]
[EventDate "2022.06.24"]
[EventType "swiss"]
[EventRounds "5"]
[EventCountry "CAN"]

1. d4 Nf6 2. c4 e6 3. Nc3 Bb4 4. e3 O-O 5. Bd3 d5 6. cxd5 exd5 7. Nge2 b6 8.
O-O Bb7 9. Ng3 Bxc3 10. bxc3 Re8 11. Re1 Nbd7 12. Qc2 Nf8 13. Ba3 h6 14. Rab1
Rc8 15. f3 Ne6 16. Bf5 Rb8 17. e4 dxe4 18. fxe4 g6 19. Bxg6 fxg6 20. e5 Kg7 21.
exf6+ Qxf6 22. Rf1 Qg5 23. Rbe1 Nf4 24. Bc1 Rxe1 25. Rxe1 Rf8 26. Rf1 Qg4 27.
Rf2 h5 28. Qd2 g5 29. Qe3 Qd1+ 30. Rf1 Ne2+ 31. Qxe2 Rxf1+ 32. Qxf1 Qc2 33.
Bxg5 1-0

[Event "Laval op"]
[Site "Laval CAN"]
[Date "2022.06.26"]
[Round "4.21"]
[White "Masse-Garneau, Anthony"]
[Black "Joseph, Jonath"]
[Result "1/2-1/2"]
[WhiteElo "1596"]
[BlackElo "1391"]
[PlyCount "91"]
[EventDate "2022.06.24"]
[EventType "swiss"]
[EventRounds "5"]
[EventCountry "CAN"]

1. e4 e5 2. Nf3 Nc6 3. d4 exd4 4. Nxd4 Qf6 5. Be3 Bc5 6. c3 Nge7 7. Bb5 O-O 8.
O-O Bb6 9. Qd2 Re8 10. f4 Ng6 11. e5 Ncxe5 12. fxe5 Qxe5 13. Bc4 d5 14. Bb3
Qxe3+ 15. Qxe3 Rxe3 16. Bxd5 Be6 17. Bxb7 Rd8 18. Nxe6 fxe6 19. Na3 Rxc3+ 20.
Kh1 Rcd3 21. Nc4 Bd4 22. Be4 Ne5 23. Bxd3 Nxd3 24. Rad1 Bc5 25. Rd2 Rd4 26. b3
Rd5 27. h3 Bb4 28. Re2 e5 29. Kh2 Bc3 30. Rd1 Rd4 31. Rc2 Bb4 32. a3 Bd6 33.
Nxd6 cxd6 34. Kg1 e4 35. Rc4 Rxc4 36. bxc4 Kf7 37. Kf1 Ke6 38. Ke2 Ke5 39. Ke3
Nc5 40. Rd5+ Ke6 41. Rxc5 dxc5 42. Kxe4 g5 43. g3 h5 44. a4 a5 45. h4 g4 46.
Kf4 1/2-1/2

[Event "Laval op"]
[Site "Laval CAN"]
[Date "2022.06.26"]
[Round "4.22"]
[White "Liao, David"]
[Black "Mok, Yuen Tak"]
[Result "0-1"]
[WhiteElo "1548"]
[BlackElo "1839"]
[PlyCount "66"]
[EventDate "2022.06.24"]
[EventType "swiss"]
[EventRounds "5"]
[EventCountry "CAN"]

1. e4 c6 2. d4 d5 3. exd5 cxd5 4. c4 Nf6 5. Nc3 g6 6. Nf3 Bg7 7. Bf4 O-O 8. Be2
Nc6 9. O-O b6 10. Rc1 Bb7 11. Qa4 Rc8 12. Rfd1 e6 13. h3 a6 14. cxd5 exd5 15.
Bxa6 Ra8 16. Bxb7 Rxa4 17. Nxa4 Na5 18. Bc7 Qe8 19. Nc5 bxc5 20. Bxa5 Qb5 21.
dxc5 Qxa5 22. c6 Ne8 23. b4 Qxb4 24. Rxd5 Qf4 25. Rcd1 Nc7 26. Rd7 Bf6 27. Nh2
Ne6 28. Ng4 Bd8 29. Ne3 Bb6 30. g3 Qf3 31. Ng4 Qxg3+ 32. Kh1 Qxh3+ 33. Nh2 Bc7
0-1

[Event "Laval op"]
[Site "Laval CAN"]
[Date "2022.06.26"]
[Round "4.23"]
[White "Dumoulin, Sylvain"]
[Black "Liu, Kevin"]
[Result "0-1"]
[WhiteElo "1667"]
[BlackElo "1579"]
[PlyCount "43"]
[EventDate "2022.06.24"]
[EventType "swiss"]
[EventRounds "5"]
[EventCountry "CAN"]

1. Nc3 d5 2. e4 d4 3. Nce2 c5 4. Ng3 e5 5. Nf3 Bd6 6. Bc4 Bd7 7. Nf5 Bxf5 8.
exf5 e4 9. Qe2 Qe7 10. Ng1 Nf6 11. d3 O-O 12. Bg5 Nbd7 13. O-O-O Qe5 14. g4 h6
15. Bxf6 Nxf6 16. dxe4 a6 17. f3 b5 18. Bd5 Nxd5 19. exd5 Qxd5 20. Kb1 Rfe8 21.
Qd3 c4 22. Qf1 0-1

[Event "Laval op"]
[Site "Laval CAN"]
[Date "2022.06.26"]
[Round "4.24"]
[White "Jiang, Barron Jiyu"]
[Black "Bain-Thouverez, Aurelien"]
[Result "1-0"]
[WhiteElo "1527"]
[BlackElo "1849"]
[PlyCount "95"]
[EventDate "2022.06.24"]
[EventType "swiss"]
[EventRounds "5"]
[EventCountry "CAN"]

1. e4 Nf6 2. e5 Nd5 3. c4 Nb6 4. d4 d6 5. f4 dxe5 6. fxe5 Nc6 7. Nf3 Bg4 8. Be3
e6 9. Nc3 Be7 10. Be2 Bxf3 11. Bxf3 Nxc4 12. Bf2 O-O 13. O-O Bh4 14. g3 Bg5 15.
Bxc6 bxc6 16. Qe2 Nb6 17. Ne4 Nd5 18. Kg2 f5 19. exf6 Bxf6 20. Qc4 Qd7 21. Nc5
Qf7 22. Rae1 Rae8 23. Qa6 e5 24. Qxc6 exd4 25. Rxe8 Rxe8 26. Bxd4 Re2+ 27. Kh1
Qh5 28. Bf2 Qf3+ 29. Kg1 Bd4 30. Nd3 Bxf2+ 31. Rxf2 Rxf2 32. Nxf2 h6 33. Qe8+
Kh7 34. Qe4+ Qxe4 35. Nxe4 Kg6 36. Kf2 Kf5 37. Kf3 g5 38. g4+ Ke5 39. a3 a5 40.
Nc5 Kd4 41. Nb3+ Kd3 42. Nxa5 Kc2 43. b3 Kb2 44. Ke4 Nf4 45. a4 c5 46. Nb7 Kxb3
47. Nxc5+ Kb4 48. Nd3+ 1-0

[Event "Laval op"]
[Site "Laval CAN"]
[Date "2022.06.26"]
[Round "4.25"]
[White "Sonn, Eric"]
[Black "Wang, Rachel"]
[Result "0-1"]
[WhiteElo "1123"]
[BlackElo "1545"]
[PlyCount "70"]
[EventDate "2022.06.24"]
[EventType "swiss"]
[EventRounds "5"]
[EventCountry "CAN"]

1. e4 c5 2. Nf3 Nc6 3. d4 cxd4 4. Nxd4 Nf6 5. Nc3 e5 6. Ndb5 d6 7. Bg5 a6 8.
Na3 b5 9. Nd5 Be7 10. Bxf6 Bxf6 11. c3 O-O 12. g3 Be6 13. Bg2 Bg5 14. Nc2 Rb8
15. Nce3 Ne7 16. O-O Bxe3 17. Nxe3 Qd7 18. Re1 g6 19. Qd2 f5 20. exf5 gxf5 21.
Rad1 f4 22. gxf4 exf4 23. Nd5 f3 24. Nxe7+ Qxe7 25. Qh6 Rf6 26. Qh4 Qg7 27. Qg3
fxg2 28. Qxd6 Re8 29. Qxa6 Qf7 30. Qxb5 Rxf2 31. Qg5+ Kh8 32. Qe5+ Rf6 33. Qd4
Rf8 34. Rd2 Bh3 35. Rd3 Qg7 0-1

[Event "Laval op"]
[Site "Laval CAN"]
[Date "2022.06.26"]
[Round "5.1"]
[White "Ouellet, Maili-Jade"]
[Black "Rodrigue-Lemieux, Shawn"]
[Result "1/2-1/2"]
[WhiteElo "2212"]
[BlackElo "2366"]
[PlyCount "42"]
[EventDate "2022.06.24"]
[EventType "swiss"]
[EventRounds "5"]
[EventCountry "CAN"]

1. d4 Nf6 2. c4 e6 3. Nc3 Bb4 4. f3 d5 5. a3 Be7 6. e4 dxc4 7. Be3 b5 8. Nxb5
Ba6 9. Nc3 O-O 10. Rc1 c5 11. dxc5 Qc7 12. Na4 Rd8 13. Qc2 Nbd7 14. Bxc4 Bxc4
15. Qxc4 Ne5 16. Bf4 Nxf3+ 17. Nxf3 Qxf4 18. O-O Qe3+ 19. Kh1 Nxe4 20. Rce1
Nf2+ 21. Kg1 Nh3+ 1/2-1/2

[Event "Laval op"]
[Site "Laval CAN"]
[Date "2022.06.26"]
[Round "5.2"]
[White "Chiku-Ratte, Olivier-Kenta"]
[Black "Saha, Ananda"]
[Result "1-0"]
[WhiteElo "2353"]
[BlackElo "2060"]
[PlyCount "87"]
[EventDate "2022.06.24"]
[EventType "swiss"]
[EventRounds "5"]
[EventCountry "CAN"]

1. d4 Nf6 2. c4 g6 3. Nc3 d5 4. cxd5 Nxd5 5. e4 Nxc3 6. bxc3 Bg7 7. Nf3 c5 8.
Rb1 O-O 9. Be2 b6 10. O-O Bb7 11. d5 Bxc3 12. Bc4 Nd7 13. Bf4 Nf6 14. Qc2 Nh5
15. Qxc3 Nxf4 16. Qe3 e5 17. g3 Nh3+ 18. Kg2 Bc8 19. Nxe5 Ng5 20. h4 Bh3+ 21.
Kh2 Bxf1 22. Rxf1 Qe8 23. Ng4 Nxe4 24. Qxe4 Qxe4 25. Nf6+ Kg7 26. Nxe4 Rfe8 27.
Nc3 Kf6 28. Rd1 a6 29. g4 Red8 30. d6 Ra7 31. Nd5+ Ke5 32. Ne7 Rxe7 33. dxe7
Re8 34. Rd7 Kf6 35. Rd6+ Ke5 36. Rxb6 Rxe7 37. Bxa6 Kd4 38. Bb5 Rc7 39. Rc6
Rxc6 40. Bxc6 c4 41. Bf3 Kd3 42. Bd5 c3 43. Bb3 Kd4 44. Kg2 1-0

[Event "Laval op"]
[Site "Laval CAN"]
[Date "2022.06.26"]
[Round "5.3"]
[White "Zheng, Richard"]
[Black "Gutierrez, Renzo"]
[Result "1-0"]
[WhiteElo "2083"]
[BlackElo "2227"]
[PlyCount "133"]
[EventDate "2022.06.24"]
[EventType "swiss"]
[EventRounds "5"]
[EventCountry "CAN"]

1. d4 d5 2. c4 e6 3. Nc3 c6 4. e4 dxe4 5. Nxe4 Bb4+ 6. Bd2 Qxd4 7. Bxb4 Qxe4+
8. Ne2 Na6 9. Bf8 Ne7 10. Bxg7 Rg8 11. Qd4 Qxd4 12. Bxd4 c5 13. Bc3 Bd7 14.
O-O-O O-O-O 15. Bf6 Rde8 16. g3 Bc6 17. Rg1 Nb8 18. Bg2 Bxg2 19. Rxg2 Nf5 20.
Bc3 Nh4 21. Rgg1 Nf3 22. Rh1 Rd8 23. h4 e5 24. Bd2 Nc6 25. Be3 Ncd4 26. Nc3 f5
27. Nd5 Rg7 28. Rd3 b5 29. b3 e4 30. Rdd1 bxc4 31. bxc4 Rd6 32. Bxd4 cxd4 33.
Kb2 d3 34. Kc3 Ra6 35. Ra1 Ra3+ 36. Kb4 Ra6 37. Kc3 Rb7 38. a4 Kd7 39. a5 Ke6
40. Ra3 Rc6 41. a6 Rd7 42. Ra5 Rdd6 43. Rha1 d2 44. Rd1 Kd7 45. Nb4 Rc8 46.
Rxf5 Ke6 47. Rd5 Rb6 48. Rh5 Rbb8 49. Rh6+ Kf5 50. Nc6 Rxc6 51. Rxc6 Rd8 52.
Rc5+ Kg4 53. Rd5 Rc8 54. R5xd2 Nxd2 55. Rxd2 h5 56. Rd7 e3 57. Rg7+ Kf3 58.
fxe3 Rc6 59. Rxa7 Kxg3 60. Rg7+ Kxh4 61. a7 Ra6 62. e4 Kh3 63. e5 h4 64. e6 Kh2
65. Rh7 h3 66. Rxh3+ Kxh3 67. e7 1-0

[Event "Laval op"]
[Site "Laval CAN"]
[Date "2022.06.26"]
[Round "5.4"]
[White "Robichaud, Louis"]
[Black "Zhu, Hong Rui"]
[Result "1/2-1/2"]
[WhiteElo "2038"]
[BlackElo "2210"]
[PlyCount "66"]
[EventDate "2022.06.24"]
[EventType "swiss"]
[EventRounds "5"]
[EventCountry "CAN"]

1. e4 c5 2. d3 Nc6 3. f4 g6 4. Nf3 Bg7 5. c3 d5 6. Be2 dxe4 7. dxe4 Qxd1+ 8.
Bxd1 e5 9. O-O Nge7 10. Na3 O-O 11. Nc4 exf4 12. Bxf4 h6 13. Bd6 Be6 14. Ne3 b6
15. Nd5 Bxd5 16. exd5 Rad8 17. Bxc5 bxc5 18. dxc6 Nxc6 19. Ba4 Na5 20. Rf2 Rd6
21. Re1 f5 22. Nd2 c4 23. Re7 Rb8 24. Rc7 Rxb2 25. Nxc4 Nxc4 26. Rxc4 Rxf2 27.
Kxf2 Rd2+ 28. Ke3 Rxg2 29. Rc7 Rxh2 30. Bb3+ Kh8 31. Rc8+ Kh7 32. Bg8+ Kh8 33.
Bb3+ Kh7 1/2-1/2

[Event "Laval op"]
[Site "Laval CAN"]
[Date "2022.06.26"]
[Round "5.5"]
[White "Turcotte, Jonathan"]
[Black "Zhong, Kevin"]
[Result "0-1"]
[WhiteElo "1927"]
[BlackElo "2145"]
[PlyCount "54"]
[EventDate "2022.06.24"]
[EventType "swiss"]
[EventRounds "5"]
[EventCountry "CAN"]

1. d4 Nf6 2. c4 e6 3. Nf3 c5 4. d5 d6 5. Nc3 exd5 6. cxd5 g6 7. h3 Bg7 8. e4
O-O 9. Bd3 b5 10. Nxb5 Re8 11. O-O Nxe4 12. Bxe4 Rxe4 13. Bg5 Qb6 14. a4 Ba6
15. Re1 Rxe1+ 16. Qxe1 Bxb5 17. axb5 Qxb5 18. Qe7 Bf8 19. Qd8 Qb7 20. Bd2 Nd7
21. Qh4 Qxd5 22. Bc3 Bg7 23. Ng5 h6 24. Ne4 g5 25. Qg4 f5 26. Qh5 fxe4 27. Qg6
Ne5 0-1

[Event "Laval op"]
[Site "Laval CAN"]
[Date "2022.06.26"]
[Round "5.6"]
[White "Latorre, Vincent"]
[Black "Voskanyan, Vahagn"]
[Result "1-0"]
[WhiteElo "1813"]
[BlackElo "2196"]
[PlyCount "89"]
[EventDate "2022.06.24"]
[EventType "swiss"]
[EventRounds "5"]
[EventCountry "CAN"]

1. e4 c6 2. d4 d5 3. exd5 cxd5 4. Bd3 g6 5. c3 Nh6 6. Bf4 Bg7 7. Nf3 Nc6 8. h3
Nf5 9. O-O O-O 10. Re1 a6 11. a4 Nd6 12. Nbd2 Bf5 13. Qe2 Bxd3 14. Qxd3 Rc8 15.
b4 Qd7 16. a5 e6 17. Nb3 Ne4 18. Nc5 Nxc5 19. dxc5 Rfd8 20. Bd6 Bf8 21. Ne5
Nxe5 22. Bxe5 Be7 23. Qd4 Qb5 24. Bh8 Bf8 25. Bf6 Rd7 26. Rad1 Be7 27. Bh8 Bf8
28. g3 Rdd8 29. Bf6 Re8 30. h4 Rc7 31. h5 Qc4 32. hxg6 Qxd4 33. gxh7+ Kxh7 34.
Rxd4 Bg7 35. Bxg7 Kxg7 36. Rxd5 Kf6 37. Rd6 Rg8 38. Kg2 Rg4 39. f3 Rc4 40. Re3
Ke7 41. Kf2 Rd7 42. Rxd7+ Kxd7 43. Ke2 Kc6 44. Kd3 Kb5 45. Re2 1-0